00549nam a22001817a 450000500170000001000130001702000220003003500130005203700160006504000120008108200130009324500810010626000420018727000450022930000310027465000440030570000180034920170124110036.0 aA-794440 c00.00a8175300000 aA-794440 bCen Lib/Ret aDPLbEN a888bCIV aCivil lines 2 :cedited by Rukun Advani...[et al.]bnew writing from India / bRavi Dayal Publisherc1995aNew Delhi a51 E Sujan Singh ParkbNew Delhie110003 avi,188p. :c20cm(Hb)bill. aClassical greek miscellaneous writings. aAdvani, Rukun